000 00744nac a22002051u 4500
090 _c9068
008 081113t 2001xxu||||| |||| 00| 0 eng d
020 _a817224777X
082 _a651.7
_bPRA
100 _a20080729
245 _aHandbook of practical communication skills/
_cEdited by Chrissie Wright
260 _aNew Delhi:
_bJaico Publishing House,
_c2001
260 _bDistributer: Al-Ahram
300 _a280p.:
_bill.;
_c24 cm.
511 _acatalogued by: wessam
650 _aBusiness communication
_vHandbooks
700 _aWSright, Chrissie
942 _cBB
_k651.7PRA
_2ddc
999 _c9068
_d9068